000 00469nam a22001817a 4500
999 _c7201
_d7201
003 GBCCL
005 20241126110622.0
008 180718b ||||| |||| 00| 0 eng d
040 _cgbc
082 _a248
_bPOO
100 _aPoonen, Zac
_96850
245 _aPrinciples of serving God /
_cZac Poonen
250 _a5th ed.
260 _aBangalore:
_bChristian Fellowship Centre,
_c2014
300 _a40 p.;
_c20 cm.
650 _aChristian life
_9183
942 _2ddc
_cBK
_01